000 01172cam a2200277 a 4500
003 EG-GiCUC
008 070322s198u ua b g f000 0 ara d
040 _aEG-GiCUC
_bara
_cEG-GiCUC
050 4 _aS612.E3
_bE5
092 0 4 _a631.587
_bM67838
_221
099 _a04
_a631.587 M67838
110 1 _aمصر.
_bوزارة الاشغال العامة والموارد المائية.
_bاللجنة الاهلية المصرية للرى و الصرف
245 1 2 _aالنيل و تاريخ الرى فى مصر /
_cاللجنة الاهلية المصرية للرى و الصرف
246 3 0 _aتاريخ الرى فى مصر
260 _aالقاهرة :
_bوزارة الاشغال العامة والموارد المائية :
_c[198-]
300 _a584ص :
_bخرائط ؛
_c30سم
650 7 _aالرى
_zمصر
_2qrmak
650 7 _aالرى
_zمصر
_xتاريخ
_2qrmak
651 7 _aنهر النيل
_2qrmak
651 7 _aنهر النيل
_xجغرافيا
_2qrmak
710 1 _aمصر.
_bوزارة الاشغال والموارد المائية
902 _a1
905 _aالهام
_eمدخل
905 _aايمان ع
_eمراجع
942 _2ddc
_cBK
999 _c93771
_d93771